[Event "Australian Reserves"]
[Site "Adelaide"]
[Date "2004.01.04"]
[Round "6.27"]
[White "Donnelly, Philip W"]
[Black "Lindberg, Eric"]
[Result "1/2-1/2"]
[WhiteElo "1625"]
[BlackElo "1426"]
[PlyCount "75"]
[EventDate "2003.12.29"]
[EventType "swiss"]
[EventRounds "11"]
[EventCountry "AUS"]

1. e4 e6 2. d4 d5 3. Nc3 Nf6 4. Bg5 Be7 5. e5 Nfd7 6. Bxe7 Qxe7 7. f4 O-O 8.
Nf3 c5 9. Bd3 f6 10. Qd2 cxd4 11. Nb5 Nb6 12. O-O-O Nc6 13. Nbxd4 fxe5 14. fxe5
Nb4 15. Kb1 Nxd3 16. Qxd3 Bd7 17. h4 Be8 18. h5 Rc8 19. g3 Nd7 20. Qe3 Nc5 21.
Nd2 a5 22. a4 Na6 23. c3 Nc7 24. Qe2 Qd7 25. c4 dxc4 26. Nxc4 Nd5 27. Ka2 Qe7
28. Qd2 b6 29. Nxe6 Qxe6 30. Qxd5 Qxd5 31. Rxd5 Bc6 32. Rd2 {
scoresheet incorrect?} Rb8 33. Rhd1 Be8 34. g4 b5 35. axb5 Rxb5 36. Rd5 a4 37.
Rxb5 Bxb5 38. Ka3 {rest of scoresheet does not make sense} 1/2-1/2

[Event "Australian Reserves"]
[Site "Adelaide"]
[Date "2004.01.04"]
[Round "6.28"]
[White "Short, Andrew"]
[Black "Beckman, John"]
[Result "1-0"]
[WhiteElo "1482"]
[BlackElo "1563"]
[PlyCount "39"]
[EventDate "2003.12.29"]
[EventType "swiss"]
[EventRounds "11"]
[EventCountry "AUS"]

1. e4 c5 2. Nf3 Nc6 3. d4 cxd4 4. Nxd4 e5 5. Nb5 d6 6. N1c3 a6 7. Na3 Nf6 8.
Bg5 Be6 9. Nc4 Be7 10. Bxf6 gxf6 11. Ne3 Qa5 12. a3 Qc5 13. Ncd5 Bd8 14. b4 Qd4
15. Bd3 O-O 16. c3 Qa7 17. Qh5 f5 18. exf5 Bxd5 19. f6 e4 20. Qg5+ 1-0

[Event "Australian Reserves"]
[Site "Adelaide"]
[Date "2004.01.04"]
[Round "6.30"]
[White "Eckermann, Andrew"]
[Black "Arocha, Leandro"]
[Result "0-1"]
[WhiteElo "1362"]
[BlackElo "1545"]
[PlyCount "112"]
[EventDate "2003.12.29"]
[EventType "swiss"]
[EventRounds "11"]
[EventCountry "AUS"]

1. e4 d6 2. d4 Nf6 3. Nc3 g6 4. f3 Bg7 5. Be3 a6 6. Qd2 b5 7. a3 Nc6 8. d5 Nb8
9. Bh6 Bxh6 10. Qxh6 Bb7 11. Nh3 c6 12. O-O-O Qa5 13. Ng5 b4 14. axb4 Qxb4 15.
Qg7 Rf8 16. dxc6 Bxc6 17. e5 Qf4+ 18. Kb1 Qxe5 19. Nce4 Nbd7 20. Bc4 Rb8 21.
Bb3 Nxe4 22. Qxe5 Nxe5 23. Nxe4 Bxe4 24. fxe4 Kd8 25. h3 Kc7 26. Rhf1 f6 27.
Rd5 Rb5 28. Rfd1 Rfb8 29. Rxb5 Rxb5 30. Rd5 Rxd5 31. Bxd5 h5 32. c3 Kb6 33. Kc2
h4 34. b4 a5 35. bxa5+ Kxa5 36. Kb3 Kb5 37. c4+ Kc5 38. Kc3 g5 39. Be6 Ng6 40.
Bg4 Nf4 41. Bf3 e6 42. Kb3 Kd4 43. Kb4 Nd3+ 44. Kb5 Ne5 45. Bg4 Nxg4 46. hxg4
Kxe4 47. Kc6 Ke5 48. Kd7 f5 49. gxf5 exf5 50. Ke7 g4 51. Kf7 g3 52. Kg6 h3 53.
c5 dxc5 54. gxh3 g2 55. h4 g1=Q+ 56. Kh5 Kf6 0-1

[Event "Australian Reserves"]
[Site "Adelaide"]
[Date "2004.01.04"]
[Round "6.31"]
[White "Campbell, Paul"]
[Black "Davidson, Nathan P"]
[Result "1/2-1/2"]
[WhiteElo "1282"]
[BlackElo "1532"]
[PlyCount "60"]
[EventDate "2003.12.29"]
[EventType "swiss"]
[EventRounds "11"]
[EventCountry "AUS"]

1. e4 c5 2. Nf3 d6 3. d4 cxd4 4. Nxd4 Nf6 5. Nc3 a6 6. Be3 e6 7. Qd2 b5 8. f3
Bb7 9. O-O-O Nbd7 10. g4 Nb6 11. h4 b4 12. Nb1 d5 13. e5 Nfd7 14. f4 Qc7 15. f5
Nc5 16. Qf2 Rc8 17. Nd2 Nc4 18. Bxc4 dxc4 19. Rhf1 Bd5 20. fxe6 fxe6 21. Kb1
Na4 22. Ne4 Bc5 23. Ng5 Qe7 24. Qf7+ Qxf7 25. Nxf7 Rf8 26. Ng5 Rxf1 27. Rxf1
Bxd4 28. Bxd4 h6 29. Nf7 Ke7 30. Nd6 Rf8 1/2-1/2

[Event "Australian Reserves"]
[Site "Adelaide"]
[Date "2004.01.04"]
[Round "6.32"]
[White "Rigo, Bernard"]
[Black "Stewart, Clint"]
[Result "1/2-1/2"]
[WhiteElo "1755"]
[BlackElo "1270"]
[PlyCount "95"]
[EventDate "2003.12.29"]
[EventType "swiss"]
[EventRounds "11"]
[EventCountry "AUS"]

1. e4 c5 2. Nf3 d6 3. d4 cxd4 4. Nxd4 Nf6 5. Nc3 g6 6. Be2 Bg7 7. O-O O-O 8.
Re1 Nc6 9. Nb3 Be6 10. Bf1 a5 11. a4 Rc8 12. h3 Nd7 13. Nd5 Nb6 14. c3 Ne5 15.
Nxa5 Nxd5 16. exd5 Bxh3 17. gxh3 Qxa5 18. f4 Nc4 19. Bxc4 Rxc4 20. Qf3 Bf6 21.
Be3 Rfc8 22. b4 Qd8 23. Bd2 Rxc3 24. Bxc3 Bxc3 25. Qe4 Bxa1 26. Rxa1 Qd7 27.
Kg2 Rc3 28. f5 Qxf5 29. Qxf5 gxf5 30. Rb1 Kg7 31. a5 Rc8 32. Kf3 Rc3+ 33. Kg2
Kf8 34. b5 Rc8 35. Kf3 Ke8 36. Kf4 e6 37. Kg5 Ra8 38. Ra1 Ke7 39. Rc1 f6+ 40.
Kf4 Rxa5 41. Rc7+ Kd8 42. Rxh7 exd5 43. Rxb7 Kc8 44. Rf7 Rxb5 45. Kxf5 Rb2 46.
Kf4 Kd8 47. Ke3 Rb3+ 48. Kd4 1/2-1/2

[Event "Australian Reserves"]
[Site "Adelaide"]
[Date "2004.01.04"]
[Round "6.33"]
[White "Schilter, David"]
[Black "Juszczynski, Mathew"]
[Result "0-1"]
[WhiteElo "1590"]
[BlackElo "1658"]
[PlyCount "106"]
[EventDate "2003.12.29"]
[EventType "swiss"]
[EventRounds "11"]
[EventCountry "AUS"]

1. d4 d5 2. c4 e6 3. Nc3 Be7 4. cxd5 exd5 5. Bf4 Nf6 6. e3 O-O 7. Qc2 c5 8.
dxc5 Nc6 9. Rd1 Bxc5 10. Nf3 d4 11. Be2 Nb4 12. Qb1 d3 13. Bxd3 Nxd3+ 14. Qxd3
Qxd3 15. Rxd3 Bf5 16. Rd1 Bb4 17. O-O Bxc3 18. bxc3 Rac8 19. Be5 Ne4 20. Rc1 f6
21. Bd4 Bg4 22. Rc2 a6 23. Nd2 Nd6 24. f3 Be6 25. a4 b5 26. axb5 axb5 27. Rb1
Rb8 28. Bc5 Rfd8 29. Bxd6 Rxd6 30. Kf2 Rc6 31. Rb4 Rbc8 32. Rxb5 Rxc3 33. Rxc3
Rxc3 34. Rb2 f5 35. Ke1 Rxe3+ 36. Kf2 Rc3 37. Rb8+ Kf7 38. Rb7+ Kf6 39. Rb2 g5
40. h3 Ke5 41. g4 Bd5 42. Ke2 Kf4 43. Rb4+ Kg3 44. gxf5 Kxh3 45. Ne4 Bxe4 46.
fxe4 Kg4 47. f6 Rc7 48. Ke3 Rf7 49. Rb6 h5 50. e5 Kf5 51. Kd4 Rd7+ 52. Kc5 Kxe5
53. Rc6 Rf7 0-1

[Event "Australian Reserves"]
[Site "Adelaide"]
[Date "2004.01.04"]
[Round "6.34"]
[White "Turcaj, Pavel"]
[Black "Dickson, Ian C"]
[Result "0-1"]
[WhiteElo "1395"]
[BlackElo "1667"]
[PlyCount "60"]
[EventDate "2003.12.29"]
[EventType "swiss"]
[EventRounds "11"]
[EventCountry "AUS"]

1. e4 e5 2. Nf3 Nc6 3. Bc4 Nf6 4. Nc3 Bc5 5. d3 d6 6. O-O Bg4 7. h3 Bh5 8. Be3
Nd4 9. Bxd4 Bxd4 10. g4 Bxc3 11. bxc3 Qd7 12. gxh5 Nxh5 13. Ng5 Nf4 14. Bxf7+
Ke7 15. Bh5 h6 16. Bg4 Qe8 17. Nf3 h5 18. Nh2 hxg4 19. Qxg4 Nxh3+ 20. Kh1 g5
21. d4 Qg6 22. dxe5 Raf8 23. exd6+ cxd6 24. f3 Rh4 25. Qg3 Nf4 26. Rg1 Rfh8 27.
Raf1 Rxh2+ 28. Qxh2 Rxh2+ 29. Kxh2 Qh5+ 30. Kg3 Qh4# 0-1

[Event "Australian Reserves"]
[Site "Adelaide"]
[Date "2004.01.05"]
[Round "7.1"]
[White "Fry, Peter"]
[Black "Cowley, Robert G"]
[Result "0-1"]
[WhiteElo "1696"]
[BlackElo "2022"]
[PlyCount "50"]
[EventDate "2003.12.29"]
[EventType "swiss"]
[EventRounds "11"]
[EventCountry "AUS"]

1. b3 e5 2. Bb2 Nc6 3. Nf3 e4 4. Nd4 Nxd4 5. Bxd4 d5 6. e3 Nf6 7. Be2 Be7 8.
O-O O-O 9. a3 c5 10. Bb2 d4 11. a4 Qd5 12. Na3 Rd8 13. exd4 cxd4 14. Nb5 Qg5
15. Kh1 Bc5 16. Ba3 a6 17. Bxc5 Qxc5 18. Na3 Bd7 19. Qc1 Nd5 20. Bc4 Nf4 21.
Re1 Qg5 22. Bf1 Bc6 23. g3 e3+ 24. Kg1 exd2 25. Rd1 Qd5 0-1

[Event "Australian Reserves"]
[Site "Adelaide"]
[Date "2004.01.05"]
[Round "7.2"]
[White "Harp, Joel"]
[Black "Dizdarevic, Mehmedalija"]
[Result "1-0"]
[WhiteElo "1845"]
[BlackElo "1917"]
[PlyCount "115"]
[EventDate "2003.12.29"]
[EventType "swiss"]
[EventRounds "11"]
[EventCountry "AUS"]

1. d4 Nf6 2. c4 g6 3. Nc3 Bg7 4. e4 d6 5. Be2 O-O 6. Nf3 e5 7. Be3 Ng4 8. Bg5
f6 9. Bc1 Nc6 10. d5 Ne7 11. Nd2 f5 12. Bxg4 fxg4 13. b4 a5 14. bxa5 Rxa5 15.
Nb3 Ra8 16. a4 Kh8 17. Be3 h6 18. O-O g5 19. c5 Ng6 20. cxd6 cxd6 21. a5 Bd7
22. Na4 Bxa4 23. Rxa4 Qd7 24. Rb4 Bf6 25. Qd3 Qf7 26. Qb5 Rfb8 27. Nd2 Bd8 28.
Nc4 Qe7 29. Bb6 Nf4 30. Ne3 h5 31. Nf5 Qf8 32. Qd7 Bxb6 33. Rxb6 Rd8 34. Qb5
Rab8 35. Rb1 Rbc8 36. Rxb7 Rc5 37. Qxc5 dxc5 38. a6 Ne2+ 39. Kh1 Nc3 40. R1b6
Nxe4 41. Rh6+ Qxh6 42. Nxh6 Rxd5 43. g3 Rd4 44. Kg2 Rd2 45. a7 Rxf2+ 46. Kg1
Ra2 47. Nf7+ Kg8 48. Nxe5 Ra1+ 49. Kg2 h4 50. gxh4 gxh4 51. Nxg4 Ra2+ 52. Kf3
Ng5+ 53. Kf4 Ne6+ 54. Kf5 Nf8 55. Ne5 h3 56. Nc4 Rf2+ 57. Kg4 Ra2 58. Kxh3 1-0

[Event "Australian Reserves"]
[Site "Adelaide"]
[Date "2004.01.05"]
[Round "7.3"]
[White "Hare, Tim"]
[Black "Silas, Frank"]
[Result "1-0"]
[WhiteElo "1915"]
[BlackElo "1843"]
[PlyCount "125"]
[EventDate "2003.12.29"]
[EventType "swiss"]
[EventRounds "11"]
[EventCountry "AUS"]

1. Nf3 g6 2. g3 Bg7 3. Bg2 Nf6 4. O-O d6 5. c4 Bg4 6. h3 Bc8 7. Nc3 c6 8. d3
Nbd7 9. Rb1 O-O 10. e4 e5 11. b4 a6 12. a4 a5 13. Ba3 axb4 14. Bxb4 c5 15. Ba3
Qa5 16. Rb5 Qc7 17. Nd2 Nb8 18. Rb1 Nc6 19. Nb5 Qd7 20. Ra1 Nd4 21. Bb2 Nh5 22.
Bxd4 exd4 23. Kh2 Qe7 24. f4 Bd7 25. Nc7 Bxa4 26. Nd5 Qd7 27. Qb1 Ra6 28. Nb6
Qc6 29. Nxa4 Rxa4 30. e5 Rxa1 31. Qxa1 Qa6 32. Qxa6 bxa6 33. exd6 Rd8 34. Ne4
f5 35. Nxc5 Rxd6 36. Bd5+ Kf8 37. Rb1 Nf6 38. Rb8+ Ke7 39. Rb7+ Nd7 40. Be6
Rxe6 41. Rxd7+ Ke8 42. Rxg7 Re2+ 43. Kg1 a5 44. Ra7 Ra2 45. Kf1 h6 46. h4 h5
47. Ke1 Rg2 48. Rxa5 Rxg3 49. Ra7 Rg4 50. Ne6 Rxh4 51. c5 Rh1+ 52. Ke2 h4 53.
c6 h3 54. Ra8+ Ke7 55. c7 h2 56. c8=Q Re1+ 57. Kxe1 h1=Q+ 58. Kd2 Qg2+ 59. Kc1
Qf1+ 60. Kb2 Qe2+ 61. Qc2 Qxe6 62. Qc5+ Kf6 63. Qf8+ 1-0

[Event "Australian Reserves"]
[Site "Adelaide"]
[Date "2004.01.05"]
[Round "7.4"]
[White "Lip, Michael"]
[Black "Obst, James"]
[Result "1-0"]
[WhiteElo "1964"]
[BlackElo "1539"]
[PlyCount "57"]
[EventDate "2003.12.29"]
[EventType "swiss"]
[EventRounds "11"]
[EventCountry "AUS"]

1. Nf3 f5 2. b3 Nf6 3. Bb2 e6 4. d3 Be7 5. Nbd2 O-O 6. g3 d6 7. Bg2 Qe8 8. c4
a5 9. O-O h6 10. e4 e5 11. Nh4 f4 12. d4 exd4 13. Bxd4 g5 14. Nf5 Bxf5 15. exf5
Nc6 16. Bc3 Qd7 17. g4 h5 18. h3 Nd8 19. Re1 hxg4 20. hxg4 c6 21. Qe2 Rf7 22.
Rad1 b6 23. Ne4 Nxe4 24. Qxe4 Ra7 25. f6 Qxg4 26. Qg6+ Kf8 27. fxe7+ Raxe7 28.
Rxe7 f3 29. Bg7+ 1-0

[Event "Australian Reserves"]
[Site "Adelaide"]
[Date "2004.01.05"]
[Round "7.5"]
[White "Pyke, Malcolm L"]
[Black "Guthrie, Aaron"]
[Result "0-1"]
[WhiteElo "1914"]
[BlackElo "1927"]
[PlyCount "114"]
[EventDate "2003.12.29"]
[EventType "swiss"]
[EventRounds "11"]
[EventCountry "AUS"]

1. d4 d5 2. Nf3 Nf6 3. c4 dxc4 4. e3 e6 5. Bxc4 c5 6. O-O Nc6 7. Nc3 cxd4 8.
exd4 Be7 9. Bg5 O-O 10. Re1 a6 11. a3 b5 12. Ba2 b4 13. axb4 Nxb4 14. Bb3 Bb7
15. Ne5 Nbd5 16. Na4 Rc8 17. Nd3 Ba8 18. Nac5 Nc7 19. Be3 Bd6 20. h3 Nfd5 21.
Bd2 Nb5 22. Qg4 h5 23. Qxh5 Nxd4 24. Bg5 Be7 25. Bxe7 Qxe7 26. Bxd5 Rxc5 27.
Nxc5 Qxc5 28. Re4 Bxd5 29. Rh4 f5 30. Rd1 e5 31. Rdxd4 exd4 32. Qh7+ Kf7 33.
Qxf5+ Ke7 34. Qe5+ Kd7 35. Rxd4 Kc6 36. Qxg7 Rg8 37. Qf6+ Kb5 38. Rg4 Re8 39.
Qf4 Re1+ 40. Kh2 Re4 41. Qb8+ Qb6 42. Qf8 Qc7+ 43. f4 Re2 44. Qf5 Qc6 45. Qd3+
Qc4 46. Qf5 Qe4 47. Qd7+ Bc6 48. Rg5+ Kc4 49. Qf7+ Bd5 50. Qc7+ Kb3 51. Rg3+
Ka2 52. Qg7 Qxf4 53. Kg1 Re1+ 54. Kh2 Re3 55. b4 Rxg3 56. Qxg3 Qxg3+ 57. Kxg3
Kb3 0-1

[Event "Australian Reserves"]
[Site "Adelaide"]
[Date "2004.01.05"]
[Round "7.7"]
[White "Pengelley, Justin"]
[Black "Krstic, Slobodan"]
[Result "1-0"]
[WhiteElo "1834"]
[BlackElo "1922"]
[PlyCount "81"]
[EventDate "2003.12.29"]
[EventType "swiss"]
[EventRounds "11"]
[EventCountry "AUS"]

1. e4 d6 2. d4 Nf6 3. Nc3 c6 4. f3 g6 5. Be3 Bg7 6. Qd2 b5 7. g4 Nbd7 8. O-O-O
Nb6 9. Bh6 O-O 10. Bxg7 Kxg7 11. h4 b4 12. Nce2 Nc4 13. Qxb4 Ne3 14. Re1 Be6
15. g5 Nh5 16. Bh3 d5 17. b3 Bxh3 18. Nxh3 Ng2 19. Ref1 Qc7 20. Qd2 a5 21. Rf2
a4 22. Rxg2 axb3 23. cxb3 c5 24. dxc5 e5 25. exd5 Qxc5+ 26. Kb1 Rfb8 27. Rc1
Qa7 28. Qb2 Qe3 29. Rc3 Qa7 30. f4 Qd7 31. Rd3 Qb5 32. Nf2 Kg8 33. fxe5 Ng7 34.
Nc3 Qb4 35. Ng4 Rc8 36. Nh6+ Kf8 37. Rg4 Qb7 38. Rf4 Rc7 39. Rdf3 f5 40. gxf6
Nh5 41. Re4 1-0

[Event "Australian Reserves"]
[Site "Adelaide"]
[Date "2004.01.05"]
[Round "7.8"]
[White "Safarian, Alek"]
[Black "Lindberg, Douglas"]
[Result "0-1"]
[WhiteElo "1899"]
[BlackElo "1620"]
[PlyCount "124"]
[EventDate "2003.12.29"]
[EventType "swiss"]
[EventRounds "11"]
[EventCountry "AUS"]

1. d4 e6 2. c4 Nf6 3. Nf3 d5 4. Nc3 Bb4 5. e3 O-O 6. Bd3 Nbd7 7. O-O b6 8. cxd5
exd5 9. Qc2 Bb7 10. Ne5 Re8 11. f4 c5 12. Nxd7 Qxd7 13. Bf5 Qe7 14. a3 Bxc3 15.
bxc3 g6 16. Bd3 Ng4 17. Rf3 c4 18. Bf1 Bc8 19. h3 Bf5 20. Qb2 Nh6 21. g4 Be4
22. Rg3 Kh8 23. Ra2 Ng8 24. a4 f5 25. g5 Qe6 26. Kh2 a6 27. Rg1 Rab8 28. Qb4
Ne7 29. Be2 Nc6 30. Qb2 Re7 31. Bd2 Reb7 32. Qa3 b5 33. axb5 axb5 34. Rb2 Ra7
35. Qc5 Ra5 36. Rb4 Nxb4 37. cxb4 Ra2 38. Rd1 Rc8 39. Qxb5 c3 40. Bc1 Bf3 41.
Re1 Bxe2 42. Rxe2 Rxe2+ 43. Qxe2 Qe4 44. Qa6 Rf8 45. Qd6 Kg8 46. Kg3 Rf7 47.
Qb8+ Kg7 48. b5 Qe7 49. b6 Rf8 50. Qc7 Qxc7 51. bxc7 Rc8 52. Kf3 Rxc7 53. Ke2
c2 54. Kd3 Kf7 55. Kd2 Ke6 56. Ba3 Rc4 57. Bb2 Kd6 58. Kc1 Kc6 59. Kd2 Kb5 60.
Bc1 Ka4 61. Bb2 Kb3 62. Bc1 Ka2 0-1

[Event "Australian Reserves"]
[Site "Adelaide"]
[Date "2004.01.05"]
[Round "7.10"]
[White "Alkin, John"]
[Black "Peters, Duncan"]
[Result "1-0"]
[WhiteElo "1583"]
[BlackElo "1887"]
[PlyCount "103"]
[EventDate "2003.12.29"]
[EventType "swiss"]
[EventRounds "11"]
[EventCountry "AUS"]

1. d4 Nf6 2. c4 e6 3. Nc3 d5 4. Bg5 Bb4 5. a3 Bxc3+ 6. bxc3 O-O 7. e3 b6 8. Bd3
Ba6 9. cxd5 Bxd3 10. Qxd3 exd5 11. Nf3 Nbd7 12. O-O Re8 13. Rfc1 h6 14. Bh4 c5
15. h3 c4 16. Qc2 Qe7 17. Nd2 Qe6 18. Bg3 g5 19. Re1 g4 20. hxg4 Nxg4 21. Nf1
Kh8 22. f3 Ngf6 23. Bf4 h5 24. Ng3 Rg8 25. Kf2 Rg7 26. Rh1 Rag8 27. Rh2 Rh7 28.
Rah1 Rg6 29. Nxh5 Nxh5 30. Rxh5 Rxh5 31. Rxh5+ Kg7 32. Qb1 Nf6 33. Be5 Rh6 34.
Qh1 Qxe5 35. dxe5 Nxh5 36. Qh4 Kh7 37. Qe7 a5 38. Qxf7+ Ng7 39. Qxd5 Ne6 40.
Qd7+ Ng7 41. f4 Kg8 42. Qc8+ Kf7 43. Qxc4+ Kg6 44. e4 Rh1 45. g4 Rc1 46. Qc6+
Kh7 47. f5 b5 48. Qg6+ Kh8 49. f6 Rc2+ 50. Ke1 Ne6 51. Qe8+ Kh7 52. Qxe6 1-0

[Event "Australian Reserves"]
[Site "Adelaide"]
[Date "2004.01.05"]
[Round "7.11"]
[White "Ly, Moulthun"]
[Black "Tulevski, Vasil G"]
[Result "1/2-1/2"]
[WhiteElo "1646"]
[BlackElo "1871"]
[PlyCount "107"]
[EventDate "2003.12.29"]
[EventType "swiss"]
[EventRounds "11"]
[EventCountry "AUS"]

1. e4 c5 2. Nf3 e6 3. c3 Nf6 4. e5 Nd5 5. d4 cxd4 6. Qxd4 Nc6 7. Qe4 d6 8. Bb5
Bd7 9. c4 Nc7 10. exd6 Bxd6 11. O-O a6 12. Ba4 b5 13. Bb3 O-O 14. Rd1 Be7 15.
Nc3 Qe8 16. Bf4 bxc4 17. Bxc4 Qc8 18. Bd6 Ne8 19. Bxe7 Nxe7 20. Ne5 Nf6 21. Qd3
Rd8 22. Ne4 Nxe4 23. Qxe4 Be8 24. Bd3 g6 25. Qh4 Nd5 26. Ng4 h5 27. Nf6+ Kg7
28. Ne4 Bb5 29. Rac1 Qb7 30. Nc5 Qe7 31. Qxe7 Nxe7 32. Be4 Rxd1+ 33. Rxd1 Rc8
34. Rc1 Bc6 35. f3 a5 36. Kf2 Kf6 37. Ke3 Ke5 38. Bxc6 Rxc6 39. Nd3+ Kd5 40. g4
hxg4 41. fxg4 Rxc1 42. Nxc1 g5 43. Ne2 Ke5 44. Nd4 Nd5+ 45. Kd3 Kf4 46. Nc6
Kxg4 47. Ne5+ Kf4 48. Nxf7 Nb4+ 49. Ke2 Nxa2 50. Nd8 e5 51. Ne6+ Kf5 52. Ng7+
Ke4 53. Ne6 g4 54. Nc5+ 1/2-1/2

[Event "Australian Reserves"]
[Site "Adelaide"]
[Date "2004.01.05"]
[Round "7.13"]
[White "Lutley, Philip"]
[Black "Frost, Peter"]
[Result "0-1"]
[WhiteElo "1484"]
[BlackElo "1743"]
[PlyCount "160"]
[EventDate "2003.12.29"]
[EventType "swiss"]
[EventRounds "11"]
[EventCountry "AUS"]

1. e4 e6 2. d4 d5 3. Nc3 Bb4 4. a3 Bxc3+ 5. bxc3 dxe4 6. Qg4 Nf6 7. Qxg7 Rg8 8.
Qh6 Rg6 9. Qh4 Nc6 10. Bg5 h6 11. Bxf6 Qxf6 12. Qxf6 Rxf6 13. g3 Rg6 14. Bg2 f5
15. Ne2 Bd7 16. Nf4 Rg7 17. O-O-O O-O-O 18. d5 exd5 19. Nxd5 Ne5 20. Ne3 Rf8
21. Rd5 Ng4 22. Nxg4 Rxg4 23. Rhd1 Bc6 24. R5d2 f4 25. Bh3 h5 26. Bxg4+ hxg4
27. gxf4 b6 28. Rg1 Rxf4 29. Rg3 Kb7 30. Kd1 Rf5 31. Rxg4 e3 32. fxe3 Bf3+ 33.
Kc1 Bxg4 34. Rd4 Rf1+ 35. Kb2 Bh3 36. Rh4 Bg2 37. Rg4 Bc6 38. h4 Rf3 39. h5
Rxe3 40. Rg5 Re7 41. c4 Be4 42. h6 c5 43. Kc3 Bh7 44. Rg4 Kc6 45. a4 a6 46. Rg5
Kd6 47. Rd5+ Kc6 48. Rg5 Be4 49. Kb3 Kd6 50. c3 Rh7 51. Rh5 Rb7 52. a5 bxa5+
53. Ka4 Kc6 54. Rh2 Kb6 55. Re2 Bc6+ 56. Ka3 Rh7 57. Re6 a4 58. Rg6 Rh8 59. Rf6
a5 60. Rg6 Rh7 61. Ka2 Re7 62. Rg7 Re2+ 63. Ka3 Rh2 64. Rg6 Rh3 65. Kb2 a3+ 66.
Ka2 Rxc3 67. Re6 Rxc4 68. h7 Rh4 69. Re7 Rh3 70. h8=R Bd5+ 71. Ka1 Rxh8 72. Re1
Rh1 73. Rxh1 Bxh1 74. Ka2 Kb5 75. Kxa3 Bd5 76. Kb2 Kb4 77. Kc1 Kc3 78. Kb1 c4
79. Ka1 Kd2 80. Kb1 Be4+ 0-1

[Event "Australian Reserves"]
[Site "Adelaide"]
[Date "2004.01.05"]
[Round "7.14"]
[White "Malik, Hani"]
[Black "Stevens, Tristan"]
[Result "1-0"]
[WhiteElo "1946"]
[BlackElo "1706"]
[PlyCount "79"]
[EventDate "2003.12.29"]
[EventType "swiss"]
[EventRounds "11"]
[EventCountry "AUS"]

1. e4 d5 2. exd5 Nf6 3. d4 e6 4. Bb5+ c6 5. dxc6 Qa5+ 6. Nc3 bxc6 7. Bd3 c5 8.
Bd2 cxd4 9. Nb5 Qb6 10. Nf3 Nc6 11. Bf4 Nd5 12. Nd6+ Ke7 13. Nc4 Qd8 14. Bg3 f6
15. O-O Kf7 16. a3 Nb6 17. Re1 Nxc4 18. Bxc4 Bc5 19. Qd3 Bd7 20. b4 Bb6 21. Re2
g6 22. Rae1 Re8 23. Qd2 Qc8 24. Qh6 Kg8 25. Bd3 Ne7 26. Ng5 fxg5 27. Be5 Nf5
28. Bxf5 Re7 29. Bxg6 Qf8 30. Qxf8+ Rxf8 31. Bd3 Ref7 32. h4 gxh4 33. Re4 h5
34. Rxh4 Rxf2 35. Rxh5 Rxc2 36. Rh8+ Kf7 37. Rf1+ Ke7 38. Rh7+ Ke8 39. Bg6+ Rf7
40. Rh8+ 1-0

[Event "Australian Reserves"]
[Site "Adelaide"]
[Date "2004.01.05"]
[Round "7.15"]
[White "Tsagarakis, Angelo"]
[Black "Lindberg, Gordon"]
[Result "0-1"]
[WhiteElo "1889"]
[BlackElo "1690"]
[PlyCount "94"]
[EventDate "2003.12.29"]
[EventType "swiss"]
[EventRounds "11"]
[EventCountry "AUS"]

1. e4 c5 2. Nf3 d6 3. c3 Nf6 4. Bd3 Nc6 5. O-O Bg4 6. h3 Bxf3 7. Qxf3 g6 8. Qg3
Bg7 9. Bc2 O-O 10. d3 b5 11. Be3 b4 12. f4 e6 13. Qf2 Nd7 14. g4 Qa5 15. d4 e5
16. dxe5 dxe5 17. f5 bxc3 18. bxc3 Rab8 19. Rd1 Rfd8 20. Rd5 Rb2 21. Bc1 Rxa2
22. Rxa2 Qxa2 23. Qd2 Bf8 24. Na3 Ncb8 25. Qd1 c4 26. Ra5 Nc6 27. Rd5 Bxa3 28.
Bg5 Be7 29. Bxe7 Nxe7 30. Bb1 Qb2 31. Rd2 Qxc3 32. f6 Qg3+ 33. Kh1 Nc6 34. Rxd7
Rxd7 35. Qxd7 Qxh3+ 36. Kg1 Qg3+ 37. Kh1 Qf3+ 38. Kg1 Qxf6 39. Ba2 Qe6 40. Qd1
Nd4 41. Kg2 Qc6 42. Qb1 Kg7 43. Kg3 c3 44. Bd5 Qb6 45. Qf1 Qf6 46. Qc4 c2 47.
Kg2 Qf4 0-1

[Event "Australian Reserves"]
[Site "Adelaide"]
[Date "2004.01.05"]
[Round "7.16"]
[White "McColl, Kevin"]
[Black "Clark, Domenic"]
[Result "1-0"]
[WhiteElo "1881"]
[BlackElo "1636"]
[PlyCount "35"]
[EventDate "2003.12.29"]
[EventType "swiss"]
[EventRounds "11"]
[EventCountry "AUS"]

1. e4 e6 2. d4 d5 3. Nd2 Nf6 4. e5 Nfd7 5. Bd3 c5 6. c3 Nc6 7. Ne2 Qb6 8. Nf3
cxd4 9. cxd4 Be7 10. a3 O-O 11. Nf4 Nd8 12. h4 f6 13. Bxh7+ Kxh7 14. Ng5+ Kg8
15. Qh5 fxg5 16. hxg5 Rxf4 17. Qh8+ Kf7 18. g6+ 1-0

[Event "Australian Reserves"]
[Site "Adelaide"]
[Date "2004.01.05"]
[Round "7.17"]
[White "Antoniazzi, Francesco"]
[Black "Oks, Oliver"]
[Result "0-1"]
[WhiteElo "1665"]
[BlackElo "1799"]
[PlyCount "50"]
[EventDate "2003.12.29"]
[EventType "swiss"]
[EventRounds "11"]
[EventCountry "AUS"]

1. Nf3 d6 2. c4 Nf6 3. b3 g6 4. Bb2 Bg7 5. g3 O-O 6. Bg2 e5 7. d3 c6 8. Nbd2
Bg4 9. O-O Nbd7 10. b4 Qb6 11. Qb3 Rfe8 12. e4 Bh6 13. Bc3 Qc7 14. a4 Rac8 15.
Rfc1 Nh5 16. h3 Be6 17. Qb2 f5 18. c5 Bf7 19. Re1 dxc5 20. exf5 cxb4 21. fxg6
Bxg6 22. Bxe5 Nxe5 23. Rxe5 Rxe5 24. Qxe5 Qxe5 25. Nxe5 Bxd2 0-1

[Event "Australian Reserves"]
[Site "Adelaide"]
[Date "2004.01.05"]
[Round "7.18"]
[White "Yachou, Nur"]
[Black "Brockman, Roland"]
[Result "1-0"]
[WhiteElo "1764"]
[BlackElo "1604"]
[PlyCount "57"]
[EventDate "2003.12.29"]
[EventType "swiss"]
[EventRounds "11"]
[EventCountry "AUS"]

1. e4 Nf6 2. e5 Nd5 3. d4 d6 4. c4 Nb6 5. exd6 exd6 6. Bd3 Be7 7. Nf3 Bg4 8.
Be3 O-O 9. Qc2 N8d7 10. Bxh7+ Kh8 11. Be4 c6 12. h3 Be6 13. Nc3 Nxc4 14. h4
Nxe3 15. fxe3 d5 16. Bf5 Qc7 17. Rh3 Bxf5 18. Qxf5 Nf6 19. Ng5 Qd7 20. Qf3 Qg4
21. Qf2 Bd6 22. Rf3 Be7 23. O-O-O Qd7 24. Rf1 b5 25. Qc2 Ne4 26. Ncxe4 dxe4 27.
Qxe4 Bxg5 28. hxg5 Qd6 29. Rh1+ 1-0

[Event "Australian Reserves"]
[Site "Adelaide"]
[Date "2004.01.05"]
[Round "7.19"]
[White "Davis, Tony J"]
[Black "Hoholis, Harry"]
[Result "1-0"]
[WhiteElo "1748"]
[BlackElo "1606"]
[PlyCount "53"]
[EventDate "2003.12.29"]
[EventType "swiss"]
[EventRounds "11"]
[EventCountry "AUS"]

1. d4 Nf6 2. c4 e6 3. g3 d5 4. Bg2 c6 5. Qc2 Bd6 6. Nf3 dxc4 7. e4 O-O 8. O-O
Be7 9. a4 Na6 10. e5 Nd5 11. Na3 Nab4 12. Qxc4 b6 13. Rd1 Ba6 14. Qb3 Rc8 15.
Nc2 c5 16. dxc5 Nxc2 17. Qxc2 Bxc5 18. Ng5 g6 19. Qe4 h6 20. Nxe6 Bxf2+ 21. Kh1
fxe6 22. Qxg6+ Kh8 23. Qxh6+ Kg8 24. Qxe6+ Kh8 25. Qh6+ Kg8 26. Rxd5 Qc7 27. e6
1-0

[Event "Australian Reserves"]
[Site "Adelaide"]
[Date "2004.01.05"]
[Round "7.21"]
[White "Murray, Russell"]
[Black "Short, Andrew"]
[Result "1-0"]
[WhiteElo "1727"]
[BlackElo "1482"]
[PlyCount "107"]
[EventDate "2003.12.29"]
[EventType "swiss"]
[EventRounds "11"]
[EventCountry "AUS"]

1. e4 d6 2. Nf3 Nf6 3. Nc3 g6 4. d4 Bg7 5. Be2 O-O 6. O-O a6 7. a4 b6 8. Re1
Nbd7 9. h3 e5 10. dxe5 dxe5 11. Bc4 Bb7 12. Bd5 c6 13. Ba2 Qc7 14. Qe2 b5 15.
Bg5 b4 16. Nb1 a5 17. Nbd2 c5 18. Bc4 Nb6 19. Bb5 h6 20. Bxf6 Bxf6 21. Nc4 Nxc4
22. Qxc4 Rfd8 23. Rad1 Rd6 24. Kf1 Rad8 25. Ke2 Rxd1 26. Rxd1 Rxd1 27. Kxd1
Qd6+ 28. Ke2 Kg7 29. Qd3 Qb6 30. Nd2 Bc8 31. Nc4 Qc7 32. Qd6 Qb7 33. Qc6 Bd8
34. Qxb7 Bxb7 35. Nd6 Ba8 36. f3 Kf8 37. Kd3 Bc7 38. Nc4 Ke7 39. Ne3 f6 40. Bc4
Bc6 41. b3 Bb6 42. Bd5 Be8 43. Kc4 Kd6 44. Ng4 Bd8 45. Nxh6 Bb6 46. Bf7 Bd7 47.
Bxg6 Bc8 48. Kd3 Ba6+ 49. Kd2 Bf1 50. Nf5+ Ke6 51. h4 c4 52. bxc4 Bxc4 53. h5
Kd7 54. h6 1-0